000
00277nam a22001217a 4500
008
190227b xxu||||| |||| 00| 0 eng d
041
_a
eng
080
_a
038
100
_a
23
101
_a
FJA
245
_a
Webster's New World College Dictionary
_c
Macmillan
942
_2
udc
_c
BK
999
_c
54386
_d
54386